Rezidenčný trh zatiaľ nie je prehriaty

Pretrvávanie nedostatku bytov v strednej a východnej Európe. Rast cien bytov. Boom v metropolách. Pretrvávanie nedostatku bytov na Slovensku. Zvýšenie zadĺženosti domácností.

Guardado en:
Detalles Bibliográficos
Autor principal: Nagyová, Izabela
Formato: Capítulo de libro
Lenguaje:eslovaco
Materias:
Etiquetas: Agregar Etiqueta
Sin Etiquetas, Sea el primero en etiquetar este registro!

MARC

LEADER 00000naa$a2200000$$$4500
001 0078955
005 20231019090044.4
041 0 |a slo 
044 |a SK 
245 1 0 |a Rezidenčný trh zatiaľ nie je prehriaty  |c Izabela Nagyová 
520 |a Pretrvávanie nedostatku bytov v strednej a východnej Európe. Rast cien bytov. Boom v metropolách. Pretrvávanie nedostatku bytov na Slovensku. Zvýšenie zadĺženosti domácností. 
610 2 0 |a nehnuteľnosti 
610 2 0 |a trh bytový 
610 2 0 |a úver 
610 2 0 |a zadlženosť 
610 2 0 |a domácnosti 
100 1 |a Nagyová, Izabela